000 00733nam a2200217Ia 4500
003 GCL
005 20240530095439.0
008 140319s9999 xx 000 0 ara d
020 _a2687101977
040 _aGCL /
_cGCL
082 0 4 _a324.262
_bق/م ح
100 1 _aمحمد فريد حشيش
245 1 0 _aحزب الوفد ( 1936 - 1952 ) /
_cمحمد فريد حشيش
260 _aالقاهرة :
_bالهيئة المصرية العامة للكتاب ،
_c1999
300 _a351 ص ؛
_c22 سم
490 _aتاريخ المصريين
_v160-159
650 0 4 _aمصر - حزب الوفد
650 0 4 _aمصر - الاحوال السياسية
650 0 4 _aمصر - الاحزاب السياسية
942 _2ddc
_cBK
999 _c7358
_d7358